Normal view
MARC view
Entry Personal Name
001 - CONTROL NUMBER
- control field: 30280
003 - CONTROL NUMBER IDENTIFIER
- control field: OSt
005 - DATE AND TIME OF LATEST TRANSACTION
- control field: 20160109123248.0
008 - FIXED-LENGTH DATA ELEMENTS
- fixed length control field: 160109|| aca||aabn | a|a d
040 ## - CATALOGING SOURCE
- Original cataloging agency: OSt
- Transcribing agency: OSt
100 ## - HEADING--PERSONAL NAME
- Personal name: Jordens, J T F
670 ## - SOURCE DATA FOUND
- Source citation: Work cat.: (OSt)33708: Jordens, J T F, Dayananda Sarasvati, 1978









